Книга Великих Вопросов (Запись № 474164)

Подробности
000 -МАРКЕР
контрольное поле 01578nam0a2200373 4500
001 - ИДЕНТИФИКАТОР ЗАПИСИ
контрольное поле RU\NLR\bibl\1291189
005 - ИДЕНТИФИКАТОР ВЕРСИИ
контрольное поле 20260409071234.0
010 ## - МЕЖДУНАРОДНЫЙ СТАНДАРТНЫЙ НОМЕР КНИГИ (ISBN)
Номер (ISBN) 978-5-91250-687-1
Тираж 4000
021 ## - НОМЕР ГОСУДАРСТВЕННОЙ РЕГИСТРАЦИИ
Код страны Российская Федерация
Номер 2008-72295
Номер Листа государственной регистраци 4144
021 ## - НОМЕР ГОСУДАРСТВЕННОЙ РЕГИСТРАЦИИ
Код страны Российская Федерация
Номер 2008-72320
Номер Листа государственной регистраци 4146
035 ## - ДРУГИЕ СИСТЕМНЫЕ НОМЕРА
Идентификатор записи (NLR Aleph) 001276869
100 ## - ДАННЫЕ ОБЩЕЙ ОБРАБОТКИ
Данные общей обработки 20081101d2008 u y0rusy50 ca
101 1# - ЯЗЫК РЕСУРСА
Язык текста, звукозаписи и т.д. русский
Язык оригинала английский
102 ## - СТРАНА ПУБЛИКАЦИИ ИЛИ ПРОИЗВОДСТВА
Страна публикации Российская Федерация
-- Украина
105 ## - ПОЛЕ КОДИРОВАННЫХ ДАННЫХ: ТЕКСТОВЫЕ МАТЕРИАЛЫ, МОНОГРАФИЧЕСКИЕ
Кодированные данные о монографическом текстовом документе a |||||||||
200 1# - ЗАГЛАВИЕ И СВЕДЕНИЯ ОБ ОТВЕТСТВЕННОСТИ
Основное заглавие Книга Великих Вопросов
Сведения, относящиеся к заглавию что мы вообще знаем?
Первые сведения об ответственности Уильям Арнц, Бетси Чейс, Марк Висенте
Последующие сведения об ответственности [пер. с англ. Е. Мирошниченко]
210 ## - ПУБЛИКАЦИЯ, РАСПРОСТРАНЕНИЕ И ДР.
Место издания, распространения и т.д. Москва
Имя издателя, распространителя и т. д. София
Место издания, распространения и т.д. Киев
Имя издателя, распространителя и т. д. София
Дата издания, распространения и т.д. 2008
215 ## - ФИЗИЧЕСКАЯ ХАРАКТЕРИСТИКА
Специфическое обозначение материала и объем 351 с.
Размеры 21
300 ## - ОБЩИЕ ПРИМЕЧАНИЯ
Текст примечания Загл. и авт. ориг.: What the bleep do we know?/ William Arntz, Betsy Chasse, Mark Vicente
454 #0 - ОРИГИНАЛ (ПЕРЕВОДА)
Встроенное поле 2001#$aWhat the bleep do we know?$fWilliam Arntz, Betsy Chasse, Mark Vicente
-- 700#1$aArntz, Betsy Chasse, Mark Vicente$bW$gWilliam at al$4070
Заглавие What the bleep do we know?
Автор Arntz, Betsy Chasse, Mark Vicente, William at al
606 ## - НАИМЕНОВАНИЕ ТЕМЫ КАК ПРЕДМЕТ
Наименование темы Реальность (филос.)
Идентификатор авторитетной/нормативной записи RU\NLR\auth\66522884
Системный номер авторитетной/нормативной записи 1270689
606 1# - НАИМЕНОВАНИЕ ТЕМЫ КАК ПРЕДМЕТ
Наименование темы Познание
Системный номер авторитетной/нормативной записи 962731
Идентификатор авторитетной/нормативной записи RU\NLR\auth\6640867
686 ## - ИНДЕКСЫ ДРУГИХ КЛАССИФИКАЦИЙ
Индекс Ю223.221
686 ## - ИНДЕКСЫ ДРУГИХ КЛАССИФИКАЦИЙ
Индекс Ю225
700 #1 - ИМЯ ЛИЦА - ПЕРВИЧНАЯ ОТВЕТСТВЕННОСТЬ
Начальный элемент ввода Арнц
Часть имени, кроме начального элемента ввода У.
Расширение инициалов личного имени Уильям
Код отношения Автор
701 #1 - ИМЯ ЛИЦА - АЛЬТЕРНАТИВНАЯ ОТВЕТСТВЕННОСТЬ
Начальный элемент ввода Чейс
Часть имени, кроме начального элемента ввода Б.
Расширение инициалов личного имени Бетси
Код отношения Автор
701 #1 - ИМЯ ЛИЦА - АЛЬТЕРНАТИВНАЯ ОТВЕТСТВЕННОСТЬ
Начальный элемент ввода Висенте
Часть имени, кроме начального элемента ввода М.
Расширение инициалов личного имени Марк
Код отношения Автор
801 #0 - ИСТОЧНИК ЗАПИСИ
Страна Российская Федерация
Организация NLR
Дата составления 20081101
Правила каталогизации RCR
801 #1 - ИСТОЧНИК ЗАПИСИ
Страна Российская Федерация
Организация NLR
Дата составления 20081101
830 ## - ОБЩЕЕ ПРИМЕЧАНИЕ, СОСТАВЛЕННОЕ КАТАЛОГИЗАТОРОМ
Текст примечания по кн
942 ## - ДОПОЛНИТЕЛЬНЫЕ ЭЛЕМЕНТЫ ЗАПИСИ (АБИС)
Тип экземпляра АБИС Книга
980 ## - КОЛЛЕКЦИЯ
Название коллекции Национальная библиография
Экземпляры
Тип экземпляра Дата поступления Источник поступления Библиотека постоянного хранения Библиотека текущего хранения Место хранения Шифр хранения Штрих-код Статус экземпляра Стоимость
Книга 01.11.2008 Обязательный экземпляр РНБ (Московский) РНБ (Московский) Русский книжный фонд: издания с 1957 года 2008-3/32689 2784980    
Книга 01.11.2008 Обязательный экземпляр РНБ (Московский) РНБ (Московский) Русский книжный фонд: издания с 1957 года 2008-3/32689 2784981    
Книга 21.11.2008 Обязательный экземпляр РНБ (Московский) РНБ (Московский) Обменный фонд   2795680   85.00
Книга 21.11.2008 Подсобные фонды РНБ РНБ (Садовая) РНБ (Садовая) Фонд международного книгообмена   2795678